[Event "Oberliga NRW 0708"]
[Site "Germany"]
[Date "2008.02.10"]
[Round "6.2"]
[White "Tereick, Benjamin"]
[Black "Romanov, Oleg"]
[Result "1-0"]
[WhiteElo "2404"]
[BlackElo "2428"]
[PlyCount "77"]
[EventDate "2007.09.16"]
[EventType "team-tourn"]
[EventRounds "9"]
[EventCountry "GER"]
[SourceTitle "EXT 2009"]
[Source "ChessBase"]
[SourceDate "2008.11.26"]
[SourceVersion "1"]
[SourceVersionDate "2008.11.26"]
[SourceQuality "1"]
[WhiteTeam "Nord II"]
[BlackTeam "Betzdorf Kirchen"]
[WhiteTeamCountry "GER"]
[BlackTeamCountry "GER"]

1. c4 e6 2. g3 d5 3. Bg2 g6 4. d4 Bg7 5. Nf3 Ne7 6. 0-0 Nbc6 7. e3 0-0 8. Nc3 a5 9. Re1 b6 10. b3 Ba6 11. cxd5 exd5 12. a3 Qd7 13. Qc2 Rac8 14. Bb2 h6 15. Rec1 Bb7 16. Ne1 Nf5 17. Nd3 Nce7 18. b4 Ra8 19. Ne5 Qd8 20. b5 Qd6 21. a4 Rfc8 22. Ba3 Qe6 23. Nd3 Rd8 24. Nf4 Qd7 25. h4 g5 26. hxg5 hxg5 27. Nd3 Qe6 28. Qe2 Nd6 29. Qh5 Ne4 30. Nxe4 dxe4 31. Qxg5 Nd5 32. Nf4 Nxf4 33. Qxf4 c5 34. bxc6 Bxc6 35. Rab1 Bd5 36. Kh2 Rac8 37. Bh3 Rxc1 38. Bxe6 Rxb1 39. Qxf7+ 1-0

[Event "NRW Class1 0405"]
[Site "Germany"]
[Date "2004.11.21"]
[Round "3.1"]
[White "Romanov, Oleg"]
[Black "Trella, Thomas"]
[Result "1-0"]
[WhiteElo "2437"]
[BlackElo "2266"]
[PlyCount "69"]
[EventDate "2004.10.10"]
[EventType "team"]
[EventRounds "9"]
[EventCountry "GER"]
[SourceTitle "EXT 2006"]
[Source "ChessBase"]
[SourceDate "2005.11.24"]
[SourceVersion "1"]
[SourceVersionDate "2005.11.24"]
[SourceQuality "1"]
[WhiteTeam "Betzdorf Kirchen"]
[BlackTeam "Gerresheim II"]
[WhiteTeamCountry "GER"]
[BlackTeamCountry "GER"]

1. d4 e6 2. c4 d5 3. Nc3 Nf6 4. cxd5 exd5 5. Bg5 c6 6. Qc2 Be7 7. e3 Nbd7 8. Bd3 Nh5 9. Bxe7 Qxe7 10. Nge2 g6 11. g4 Ng7 12. 0-0-0 Nb6 13. h3 Be6 14. Kb1 0-0-0 15. Nf4 Kb8 16. Nxe6 Qxe6 17. Ne2 Nc8 18. Nf4 Qf6 19. h4 Nd6 20. f3 Rde8 21. Qf2 Ne6 22. Nh3 Re7 23. g5 Qg7 24. Qg3 Rd8 25. Nf2 f5 26. gxf6 Qxf6 27. Ng4 Qf8 28. h5 g5 29. h6 Ka8 30. Rc1 Nf5 31. Qf2 Nc7 32. Rh5 Rf7 33. Ne5 Rf6 34. Ng4 Rg6 35. Qc2 1-0

[Event "Staufer op 15th"]
[Site "Schwaebisch Gmuend"]
[Date "2003.01.05"]
[Round "9"]
[White "Romanov, Oleg"]
[Black "Ciuksyte, Dagne"]
[Result "0-1"]
[WhiteElo "2407"]
[BlackElo "2317"]
[PlyCount "78"]
[EventDate "2003.01.02"]
[EventType "swiss"]
[EventRounds "9"]
[EventCountry "GER"]
[SourceTitle "EXT 2004"]
[Source "ChessBase"]
[SourceDate "2003.11.25"]
[SourceVersion "1"]
[SourceVersionDate "2003.11.25"]
[SourceQuality "1"]

1. d4 Nf6 2. c4 e6 3. Nc3 Bb4 4. e3 0-0 5. Bd3 d5 6. a3 Be7 7. cxd5 exd5 8. h3 c5 9. dxc5 Bxc5 10. Nf3 Nc6 11. 0-0 Re8 12. b4 Bb6 13. Bb2 a6 14. Bc2 Be6 15. Qd3 Ba7 16. Rad1 Qc7 17. Nxd5 Bxd5 18. Bxf6 Be4 19. Qc4 Bxc2 20. Qxc2 gxf6 21. Rd5 Qe7 22. b5 Ne5 23. Nh4 Red8 24. Nf5 Qe6 25. e4 Kh8 26. Rfd1 Rxd5 27. Rxd5 Rg8 28. bxa6 Qxa6 29. Rd1 Qxa3 30. Kf1 Qc5 31. Qe2 Qc4 32. Qxc4 Nxc4 33. Rd7 Rb8 34. Rxf7 Bc5 35. Rc7 b6 36. Ke2 Nd6 37. Ng3 Ra8 38. f4 Ra2+ 39. Kd1 Rxg2 0-1

[Event "Staufer op 15th"]
[Site "Schwaebisch Gmuend"]
[Date "2003.01.04"]
[Round "6"]
[White "Krivoshey, Sergei"]
[Black "Romanov, Oleg"]
[Result "1/2-1/2"]
[WhiteElo "2503"]
[BlackElo "2407"]
[PlyCount "66"]
[EventDate "2003.01.02"]
[EventType "swiss"]
[EventRounds "9"]
[EventCountry "GER"]
[SourceTitle "EXT 2004"]
[Source "ChessBase"]
[SourceDate "2003.11.25"]
[SourceVersion "1"]
[SourceVersionDate "2003.11.25"]
[SourceQuality "1"]

1. Nf3 b5 2. d4 Bb7 3. Bg5 Nf6 4. Nbd2 a6 5. Bxf6 gxf6 6. e4 e6 7. c4 Rg8 8. g3 Bb4 9. a3 Bxd2+ 10. Nxd2 bxc4 11. Bxc4 d5 12. Qb3 Ra7 13. exd5 Rg5 14. dxe6 Bxh1 15. exf7+ Kf8 16. f3 Nc6 17. 0-0-0 Na5 18. Qb4+ c5 19. dxc5 Rb7 20. Qc3 Nxc4 21. Nxc4 Rd5 22. Rxh1 Rxc5 23. Rd1 Rd7 24. Rxd7 Qxd7 25. b3 Kxf7 26. Kb2 Kg7 27. Qe3 Rc6 28. Kc3 Re6 29. Qf4 Qd1 30. Qg4+ Kf7 31. Qh5+ Kg7 32. Qg4+ Kf7 33. Qh5+ Kg7 1/2-1/2

[Event "Staufer op 15th"]
[Site "Schwaebisch Gmuend"]
[Date "2003.01.03"]
[Round "5"]
[White "Romanov, Oleg"]
[Black "Meyer, Malte"]
[Result "1-0"]
[WhiteElo "2407"]
[BlackElo "2244"]
[PlyCount "89"]
[EventDate "2003.01.02"]
[EventType "swiss"]
[EventRounds "9"]
[EventCountry "GER"]
[SourceTitle "EXT 2004"]
[Source "ChessBase"]
[SourceDate "2003.11.25"]
[SourceVersion "1"]
[SourceVersionDate "2003.11.25"]
[SourceQuality "1"]

1. d4 d5 2. c4 c6 3. Nc3 Nf6 4. e3 e6 5. Nf3 Nbd7 6. Bd3 dxc4 7. Bxc4 b5 8. Bd3 Bb7 9. e4 b4 10. Na4 Qa5 11. 0-0 Be7 12. e5 Nd5 13. Bg5 Ba6 14. Bxa6 Qxa6 15. Bxe7 Nxe7 16. a3 bxa3 17. Rxa3 0-0 18. Ng5 Qc4 19. Rc3 Qb4 20. Qc2 g6 21. Rc4 Qb5 22. Ne4 Nb6 23. Nxb6 axb6 24. b3 Kg7 25. Nc3 Qa6 26. Qd2 Rfd8 27. Qf4 b5 28. Rc5 Nf5 29. d5 cxd5 30. g4 Qb6 31. b4 Ne7 32. Nxb5 Rd7 33. Nd6 Ng8 34. Rfc1 Ra4 35. Ne8+ Kh8 36. Rc8 Raa7 37. h4 Rd8 38. R1c6 Rxc8 39. Rxc8 Re7 40. Nd6 Kg7 41. h5 h6 42. hxg6 f6 43. Ne8+ Kxg6 44. Nxf6 Re8 45. Nxg8 1-0

[Event "Sea festival"]
[Site "Lithuania"]
[Date "2003.??.??"]
[Round "4"]
[White "Beinoras, Mindaugas"]
[Black "Romanov, Oleg"]
[Result "0-1"]
[WhiteElo "2116"]
[BlackElo "2415"]
[PlyCount "126"]
[EventDate "2003.??.??"]
[EventType "team"]
[EventRounds "7"]
[EventCountry "LTU"]
[SourceTitle "EXT 2005"]
[Source "ChessBase"]
[SourceDate "2004.11.15"]
[SourceVersion "1"]
[SourceVersionDate "2004.11.15"]
[SourceQuality "1"]

1. d4 Nf6 2. Nf3 e6 3. Bg5 c5 4. e3 d5 5. Nbd2 h6 6. Bh4 Be7 7. c3 Nbd7 8. Bd3 a6 9. 0-0 0-0 10. a4 b6 11. e4 dxe4 12. Nxe4 Bb7 13. Qe2 Nxe4 14. Bxe4 Bxe4 15. Qxe4 Bxh4 16. Qxh4 Qxh4 17. Nxh4 Rfc8 18. Rfd1 Nf6 19. Nf3 c4 20. Ne5 Ra7 21. g3 Nd5 22. Ng4 Rd7 23. Ne3 f6 24. Nxd5 Rxd5 25. Re1 Kf7 26. Re2 Rc6 27. f4 Ra5 28. Ree1 g5 29. fxg5 hxg5 30. g4 Rd6 31. Kf2 e5 32. Re4 exd4 33. cxd4 f5 34. gxf5 Rxf5+ 35. Kg2 Rdf6 36. Re2 Rf4 37. Rd1 Rg4+ 38. Kh3 Rff4 39. d5 Kg6 40. Re3 Kf5 41. d6 Rd4 42. Rde1 Rh4+ 43. Kg2 Rxd6 44. R1e2 Rg4+ 45. Kf3 Rgd4 46. Re5+ Kf6 47. Re8 Rd3+ 48. Kf2 Rb3 49. Rf8+ Kg7 50. Ra8 b5 51. axb5 axb5 52. Rae8 Kg6 53. Rg8+ Kf5 54. Rf8+ Rf6 55. Rfe8 Ra6 56. Rf8+ Kg6 57. Rg8+ Kf6 58. Rf8+ Kg7 59. Rd8 Ra2 60. Rdd2 Kg6 61. Rd6+ Kh5 62. Rdd2 b4 63. Rd4 Rbxb2 0-1

[Event "Sea festival"]
[Site "Lithuania"]
[Date "2003.??.??"]
[Round "5"]
[White "Romanov, Oleg"]
[Black "Teterev, Vitaly"]
[Result "1-0"]
[WhiteElo "2415"]
[BlackElo "2497"]
[PlyCount "89"]
[EventDate "2003.??.??"]
[EventType "team"]
[EventRounds "7"]
[EventCountry "LTU"]
[SourceTitle "EXT 2005"]
[Source "ChessBase"]
[SourceDate "2004.11.15"]
[SourceVersion "1"]
[SourceVersionDate "2004.11.15"]
[SourceQuality "1"]

1. d4 Nf6 2. Nf3 d6 3. Nc3 g6 4. e4 Bg7 5. h3 0-0 6. Be3 c6 7. a4 a5 8. Be2 Na6 9. 0-0 Qc7 10. Nd2 Nb4 11. Ncb1 e5 12. dxe5 dxe5 13. c3 Na6 14. Na3 Rd8 15. Qc2 Bf8 16. Nac4 Nd7 17. Bg5 Re8 18. Nb3 Nac5 19. Rfd1 Nxb3 20. Qxb3 Nc5 21. Qc2 Be6 22. Nd2 Bd7 23. Nc4 h6 24. Be3 Be6 25. b4 axb4 26. cxb4 Na6 27. Nb6 Rab8 28. Bxa6 bxa6 29. Nd5 Bxd5 30. exd5 Bxb4 31. dxc6 Rec8 32. Rac1 Kg7 33. Qe4 Bd6 34. a5 Ba3 35. Bb6 Qe7 36. c7 Ra8 37. Rc6 Re8 38. Rd5 Bb2 39. Qc2 Qa3 40. c8Q Raxc8 41. Rxc8 Qa1+ 42. Kh2 Rxc8 43. Qxc8 e4 44. Qd8 Be5+ 45. g3 1-0

[Event "Oberliga NRW 0102 II"]
[Site "Germany"]
[Date "2002.04.07"]
[Round "8.6"]
[White "Romanov, Oleg"]
[Black "Kleff, Andre"]
[Result "1-0"]
[WhiteElo "2411"]
[BlackElo "2152"]
[PlyCount "121"]
[EventDate "2001.10.??"]
[EventType "team"]
[EventRounds "9"]
[EventCountry "GER"]
[SourceTitle "EXT 2004"]
[Source "ChessBase"]
[SourceDate "2003.11.25"]
[SourceVersion "1"]
[SourceVersionDate "2003.11.25"]
[SourceQuality "1"]
[WhiteTeam "Betzdorf Kirchen"]
[BlackTeam "Duisburg/Hochheide"]
[WhiteTeamCountry "GER"]
[BlackTeamCountry "GER"]

1. d4 Nf6 2. c4 e6 3. Nc3 Bb4 4. e3 b6 5. Nge2 Ne4 6. f3 Nxc3 7. bxc3 Be7 8. e4 Nc6 9. Ng3 Ba6 10. Bd3 Na5 11. Qe2 d6 12. 0-0 h5 13. Rd1 Qd7 14. Rb1 h4 15. Nf1 c5 16. f4 e5 17. Ne3 cxd4 18. cxd4 exf4 19. Nd5 h3 20. Bxf4 hxg2 21. e5 Kf8 22. Nxe7 Qxe7 23. exd6 Qxe2 24. Bxe2 Rd8 25. Rbc1 g5 26. Bd2 Nc6 27. Bxg5 Rxd6 28. c5 bxc5 29. Bxa6 Nxd4 30. Rxd4 cxd4 31. Bd3 Rh3 32. Bf4 Rd8 33. Bg3 Rh5 34. Kxg2 Ra5 35. Rc2 Ra3 36. Rd2 Ke7 37. Bc4 Rc3 38. Bh4+ f6 39. Re2+ Re3 40. Rf2 Rd6 41. Rd2 Rc3 42. Bd3 Ke6 43. Bg3 Rd8 44. h4 Kd5 45. h5 Rxd3 46. Rxd3 Ke4 47. Rd1 Rh8 48. Rh1 d3 49. Rh4+ Kf5 50. Bf4 Rc8 51. h6 Kg6 52. Kf3 Re8 53. Be3 Re7 54. Rg4+ Kh7 55. Rd4 Rb7 56. Rxd3 Kg6 57. Ra3 Re7 58. Ra6 Rd7 59. a4 Kf5 60. a5 Kg6 61. Rxa7 1-0

[Event "Oberliga NRW 0102 II"]
[Site "Germany"]
[Date "2002.01.13"]
[Round "5.5"]
[White "Romanov, Oleg"]
[Black "Homann, Stefan"]
[Result "1/2-1/2"]
[WhiteElo "2411"]
[BlackElo "2253"]
[PlyCount "55"]
[EventDate "2001.10.??"]
[EventType "team"]
[EventRounds "9"]
[EventCountry "GER"]
[SourceTitle "EXT 2004"]
[Source "ChessBase"]
[SourceDate "2003.11.25"]
[SourceVersion "1"]
[SourceVersionDate "2003.11.25"]
[SourceQuality "1"]
[WhiteTeam "Betzdorf Kirchen"]
[BlackTeam "Lippstadt Turm"]
[WhiteTeamCountry "GER"]
[BlackTeamCountry "GER"]

1. d4 Nf6 2. Nf3 g6 3. Nc3 d5 4. Bf4 Bg7 5. e3 0-0 6. Be2 Bg4 7. Nb5 Ne8 8. c4 dxc4 9. Bxc4 Nd6 10. Nxd6 cxd6 11. 0-0 Nc6 12. h3 Bxf3 13. Qxf3 Qb6 14. Rab1 Rac8 15. Rfc1 Na5 16. Bd3 Rxc1+ 17. Rxc1 e5 18. dxe5 dxe5 19. Bg5 Qxb2 20. Rc2 Qb4 21. Qe4 Qd6 22. Be2 Nc6 23. Bf3 Qa3 24. Qc4 h6 25. Bh4 Na5 26. Qc7 Qa4 27. Be7 Nc6 28. Rxc6 1/2-1/2

[Event "Staufer op 14th"]
[Site "Schwaebisch Gmuend"]
[Date "2002.??.??"]
[Round "4"]
[White "Braun, Peter"]
[Black "Romanov, Oleg"]
[Result "1/2-1/2"]
[WhiteElo "2266"]
[BlackElo "2398"]
[PlyCount "102"]
[EventDate "2002.02.??"]
[EventType "swiss"]
[EventRounds "9"]
[EventCountry "GER"]
[SourceTitle "EXT 2003"]
[Source "ChessBase"]
[SourceDate "2002.11.25"]
[SourceVersion "1"]
[SourceVersionDate "2002.11.25"]
[SourceQuality "1"]

1. d4 Nf6 2. c4 e6 3. Nf3 Bb4+ 4. Nbd2 0-0 5. a3 Be7 6. e4 d5 7. e5 Nfd7 8. cxd5 exd5 9. Bd3 c5 10. 0-0 Nc6 11. Re1 c4 12. Bc2 Nb6 13. h3 f5 14. exf6 Bxf6 15. Nf1 Bd7 16. Ng3 Bh4 17. Nxh4 Qxh4 18. Be3 Rae8 19. Qd2 Nc8 20. Ba4 Qf6 21. Bg5 Qd6 22. Bc2 N8e7 23. Re2 h6 24. Bxe7 Rxe7 25. Rxe7 Qxe7 26. Re1 Qh4 27. Ba4 Rf5 28. Bxc6 Bxc6 29. Qa5 Rf7 30. Qxa7 Qf4 31. Re2 c3 32. bxc3 Bb5 33. Re5 Qc1+ 34. Kh2 Rxf2 35. Qxb7 Bc4 36. Qc8+ Kh7 37. Re8 Qf4 38. Rh8+ Kg6 39. Qe8+ Qf7 40. Qxf7+ Rxf7 41. Re8 Ra7 42. Re3 Rxa3 43. Ne2 Bxe2 44. Rxe2 Rxc3 45. Re5 Kf6 46. Rxd5 Ke6 47. Re5+ Kf6 48. Rc5 Re3 49. d5 h5 50. Rc6+ Kf5 51. d6 g6 1/2-1/2

[Event "Staufer op 14th"]
[Site "Schwaebisch Gmuend"]
[Date "2002.??.??"]
[Round "9"]
[White "Romanov, Oleg"]
[Black "Bauer, Manfred"]
[Result "1-0"]
[WhiteElo "2398"]
[BlackElo "2254"]
[PlyCount "51"]
[EventDate "2002.02.??"]
[EventType "swiss"]
[EventRounds "9"]
[EventCountry "GER"]
[SourceTitle "EXT 2003"]
[Source "ChessBase"]
[SourceDate "2002.11.25"]
[SourceVersion "1"]
[SourceVersionDate "2002.11.25"]
[SourceQuality "1"]

1. d4 Nf6 2. c4 g6 3. Nc3 d5 4. Bf4 Bg7 5. e3 0-0 6. cxd5 Nxd5 7. Nxd5 Qxd5 8. Bxc7 Na6 9. Bxa6 Qxg2 10. Qf3 Qxf3 11. Nxf3 bxa6 12. Rg1 Bb7 13. Ke2 Rac8 14. Rac1 f6 15. Rgd1 Rfe8 16. d5 f5 17. Rd2 Bf6 18. Rc5 Kf7 19. b4 Rg8 20. a4 g5 21. Rdc2 g4 22. Nd2 h5 23. Kd3 Ba8 24. e4 fxe4+ 25. Nxe4 Kg6 26. Nxf6 1-0

[Event "Staufer op 14th"]
[Site "Schwaebisch Gmuend"]
[Date "2002.??.??"]
[Round "7"]
[White "Romanov, Oleg"]
[Black "Bunzmann, Dimitrij"]
[Result "1/2-1/2"]
[WhiteElo "2398"]
[BlackElo "2469"]
[PlyCount "27"]
[EventDate "2002.02.??"]
[EventType "swiss"]
[EventRounds "9"]
[EventCountry "GER"]
[SourceTitle "EXT 2003"]
[Source "ChessBase"]
[SourceDate "2002.11.25"]
[SourceVersion "1"]
[SourceVersionDate "2002.11.25"]
[SourceQuality "1"]

1. d4 e6 2. c4 b6 3. Nc3 Bb7 4. Nf3 Bb4 5. e3 f5 6. d5 Nf6 7. Bd2 0-0 8. Be2 Na6 9. a3 Bxc3 10. Bxc3 Nc5 11. dxe6 dxe6 12. Qxd8 Raxd8 13. 0-0 Nce4 14. Be5 1/2-1/2

[Event "Staufer op 14th"]
[Site "Schwaebisch Gmuend"]
[Date "2002.??.??"]
[Round "3"]
[White "Romanov, Oleg"]
[Black "Rau, Juergen"]
[Result "1-0"]
[WhiteElo "2398"]
[BlackElo "2178"]
[PlyCount "47"]
[EventDate "2002.02.??"]
[EventType "swiss"]
[EventRounds "9"]
[EventCountry "GER"]
[SourceTitle "EXT 2003"]
[Source "ChessBase"]
[SourceDate "2002.11.25"]
[SourceVersion "1"]
[SourceVersionDate "2002.11.25"]
[SourceQuality "1"]

1. d4 Nf6 2. c4 e6 3. Nc3 Bb4 4. e3 0-0 5. Bd3 c5 6. Nf3 d5 7. 0-0 Nc6 8. a3 Bxc3 9. bxc3 Qc7 10. Bb2 dxc4 11. Bxc4 e5 12. Rc1 Bg4 13. h3 Bh5 14. g4 Bg6 15. Qe2 Rac8 16. dxe5 Nxe5 17. Nxe5 Qxe5 18. f4 Qc7 19. f5 Qg3+ 20. Qg2 Qxe3+ 21. Kh1 Ne4 22. Rf3 Qg5 23. fxg6 hxg6 24. Rxf7 1-0

[Event "Oberliga NRW 0102 II"]
[Site "Germany"]
[Date "2001.10.21"]
[Round "2.5"]
[White "Romanov, Oleg"]
[Black "Lamprecht, Mark"]
[Result "1/2-1/2"]
[WhiteElo "2411"]
[BlackElo "2254"]
[PlyCount "72"]
[EventDate "2001.10.??"]
[EventType "team"]
[EventRounds "9"]
[EventCountry "GER"]
[SourceTitle "EXT 2004"]
[Source "ChessBase"]
[SourceDate "2003.11.25"]
[SourceVersion "1"]
[SourceVersionDate "2003.11.25"]
[SourceQuality "1"]
[WhiteTeam "Betzdorf Kirchen"]
[BlackTeam "Lohmar"]
[WhiteTeamCountry "GER"]
[BlackTeamCountry "GER"]

1. d4 f5 2. Nc3 d5 3. Bg5 g6 4. h4 Bg7 5. Qd2 Nc6 6. e3 a6 7. Nge2 Be6 8. Nf4 Qd6 9. Nxe6 Qxe6 10. 0-0-0 Qd7 11. f3 Nf6 12. Kb1 Nh5 13. Ne2 h6 14. Bf4 0-0-0 15. g4 fxg4 16. fxg4 Nf6 17. Nc3 g5 18. Bg3 Kb8 19. Bd3 e5 20. Bf5 Qe7 21. hxg5 hxg5 22. Rxh8 Rxh8 23. Qg2 exd4 24. exd4 Qb4 25. a3 Qa5 26. Qd2 Ne8 27. Qxg5 Bxd4 28. Rxd4 Nxd4 29. Qd8+ Ka7 30. Bf2 Qc5 31. Bd3 b6 32. Qc8 Ne2 33. Qxa6+ Kb8 34. Bxc5 Rh1+ 35. Ka2 Nc1+ 36. Kb1 Ne2+ 1/2-1/2

[Event "Oberliga NRW 0001 I"]
[Site "NRW"]
[Date "2001.03.18"]
[Round "7.4"]
[White "Bonnmann, Reinhard"]
[Black "Romanov, Oleg"]
[Result "1/2-1/2"]
[WhiteElo "2271"]
[BlackElo "2340"]
[PlyCount "207"]
[EventDate "2000.09.24"]
[EventType "team"]
[EventRounds "9"]
[EventCountry "GER"]
[SourceTitle "EXT 2006"]
[Source "ChessBase"]
[SourceDate "2005.11.24"]
[SourceVersion "1"]
[SourceVersionDate "2005.11.24"]
[SourceQuality "1"]
[WhiteTeam "Koeln SF II"]
[BlackTeam "Betzdorf Kirchen"]
[WhiteTeamCountry "GER"]
[BlackTeamCountry "GER"]

1. d4 Nf6 2. c4 e6 3. g3 Bb4+ 4. Bd2 a5 5. Bg2 d5 6. Nf3 b6 7. Qa4+ Bd7 8. Qc2 Nc6 9. 0-0 0-0 10. Rd1 Bd6 11. Bg5 h6 12. Bxf6 Qxf6 13. Nc3 dxc4 14. Ne5 Nxe5 15. dxe5 Qxe5 16. Bxa8 Rxa8 17. Qe4 Qxe4 18. Nxe4 Ba4 19. Rdc1 Bb5 20. a4 Ba6 21. Rd1 Be5 22. Rab1 Bb7 23. Nd2 c3 24. bxc3 Bc6 25. Nc4 Bf6 26. Nb2 b5 27. axb5 Bxb5 28. c4 Bc6 29. Nd3 a4 30. Nb4 Be4 31. Rbc1 Bb2 32. f3 Bxc1 33. Rxc1 c5 34. Nc2 Bc6 35. Na3 Rb8 36. Nb5 Kf8 37. Ra1 Ra8 38. Kf2 Ke7 39. Ke3 h5 40. Kd3 Rb8 41. Kc3 Bxb5 42. cxb5 Rxb5 43. Rxa4 Rb1 44. Ra7+ Kf6 45. Ra5 Rh1 46. h4 Rg1 47. Rxc5 e5 48. Kd3 Rxg3 49. Ke4 Rg2 50. e3 Re2 51. Rc6+ Ke7 52. Kxe5 Rxe3+ 53. Kf4 Re1 54. Rc7+ Kf6 55. Rc6+ Re6 56. Rc5 g6 57. Rc7 Re1 58. Rc6+ Kg7 59. Rc7 Rb1 60. Ra7 Rb5 61. Rc7 Rf5+ 62. Kg3 Kh6 63. Rc6 Ra5 64. Rc7 Kg7 65. Kf4 Rd5 66. Ra7 Kf6 67. Ra6+ Ke7 68. Ra7+ Ke6 69. Ra6+ Rd6 70. Ra5 Rd4+ 71. Kg3 Rd5 72. Ra6+ Kf5 73. Ra7 f6 74. Ra8 g5 75. hxg5 fxg5 76. Rf8+ Kg6 77. Rg8+ Kh7 78. Ra8 Rf5 79. Ra6 Kg7 80. Rb6 Rf4 81. Rb7+ Kg6 82. Rb6+ Rf6 83. Rb4 Rd6 84. Ra4 Rd5 85. Ra8 h4+ 86. Kg4 Rd4+ 87. Kh3 Rf4 88. Kg2 Rf6 89. Rb8 Rd6 90. Rg8+ Kf5 91. Rf8+ Rf6 92. Ra8 Rc6 93. Rf8+ Ke5 94. Re8+ Re6 95. Rg8 Kf6 96. Rf8+ Kg7 97. Ra8 Re2+ 98. Kh3 Rf2 99. Kg4 Rg2+ 100. Kf5 h3 101. Ra7+ Kh6 102. Ra8 Rg3 103. Rh8+ Kg7 104. Rh5 1/2-1/2

[Event "RUS-Cup"]
[Site "Minsk"]
[Date "2001.??.??"]
[Round "4"]
[White "Yagupov, Igor"]
[Black "Romanov, Oleg"]
[Result "1/2-1/2"]
[WhiteElo "2417"]
[BlackElo "2385"]
[PlyCount "71"]
[EventDate "2001.??.??"]
[EventType "swiss"]
[EventRounds "9"]
[EventCountry "BLR"]
[SourceTitle "EXT 2002"]
[Source "ChessBase"]
[SourceDate "2001.11.25"]
[SourceVersion "1"]
[SourceVersionDate "2001.11.25"]
[SourceQuality "1"]

1. e4 e5 2. Nf3 Nc6 3. Bb5 a6 4. Ba4 Nf6 5. 0-0 Be7 6. Re1 b5 7. Bb3 d6 8. c3 0-0 9. h3 Na5 10. Bc2 c5 11. d4 Qc7 12. Nbd2 Rd8 13. d5 c4 14. Nf1 Nb7 15. Ne3 a5 16. a3 Nc5 17. Nh2 Bd7 18. Bd2 Re8 19. Nhg4 Nxg4 20. hxg4 Qd8 21. Nf5 Bxf5 22. gxf5 Bg5 23. Bxg5 Qxg5 24. Re3 Rab8 25. Qe2 Rec8 26. Rg3 Qf6 27. Re1 h6 28. Qd2 Rb7 29. Rg4 Kf8 30. Re3 Ke7 31. Reg3 Rg8 32. Rh3 Rbb8 33. Qe2 Kd7 34. Qd1 a4 35. Qd2 Rbe8 36. Qe3 1/2-1/2

[Event "Oberliga NRW 0001 I"]
[Site "NRW"]
[Date "2000.11.19"]
[Round "3.3"]
[White "Philipowski, Robert"]
[Black "Romanov, Oleg"]
[Result "0-1"]
[WhiteElo "2275"]
[BlackElo "2340"]
[PlyCount "110"]
[EventDate "2000.09.24"]
[EventType "team"]
[EventRounds "9"]
[EventCountry "GER"]
[SourceTitle "EXT 2006"]
[Source "ChessBase"]
[SourceDate "2005.11.24"]
[SourceVersion "1"]
[SourceVersionDate "2005.11.24"]
[SourceQuality "1"]
[WhiteTeam "Godesberg II"]
[BlackTeam "Betzdorf Kirchen"]
[WhiteTeamCountry "GER"]
[BlackTeamCountry "GER"]

1. e4 e5 2. Nf3 Nc6 3. Bb5 a6 4. Ba4 Nf6 5. 0-0 Be7 6. Re1 b5 7. Bb3 d6 8. c3 0-0 9. d4 Bg4 10. Be3 Bh5 11. Nbd2 Na5 12. Bc2 Ng4 13. Nf1 Nxe3 14. fxe3 Bh4 15. g3 Bg5 16. h3 Qf6 17. g4 Bg6 18. b3 exd4 19. exd4 c5 20. Nxg5 Qxg5 21. Qd2 Qxd2 22. Nxd2 cxd4 23. cxd4 Rac8 24. Rac1 Rc3 25. Bb1 Rfc8 26. Rxc3 Rxc3 27. Kg2 Nc6 28. Nf3 Kf8 29. Kf2 Nb4 30. Re3 Rc1 31. Re1 Rc3 32. Re3 Rc8 33. Nh4 Nc2 34. Nxg6+ hxg6 35. Bxc2 Rxc2+ 36. Re2 Rc3 37. Re3 Rc1 38. Re1 Rc6 39. h4 Ke7 40. Re2 Rc1 41. Re1 Rc8 42. Re2 Ke6 43. g5 Rc1 44. Rd2 Rc3 45. e5 Rh3 46. exd6 Rh2+ 47. Ke3 Rxd2 48. Kxd2 Kxd6 49. Kd3 Kd5 50. b4 f5 51. gxf6 gxf6 52. Ke3 f5 53. Kf4 Kxd4 54. Kg5 Ke4 55. Kxg6 f4 0-1

[Event "Sueder Sommer op 11th"]
[Site "Recklinghausen"]
[Date "2000.07.26"]
[Round "5"]
[White "Inkiov, Ventzislav"]
[Black "Romanov, Oleg"]
[Result "1/2-1/2"]
[WhiteElo "2416"]
[BlackElo "2380"]
[PlyCount "58"]
[EventDate "2000.07.22"]
[EventType "swiss"]
[EventRounds "9"]
[EventCountry "GER"]
[SourceTitle "EXT 2001"]
[Source "ChessBase"]
[SourceDate "2000.11.22"]
[SourceVersion "1"]
[SourceVersionDate "2000.11.22"]
[SourceQuality "1"]

1. e4 e5 2. Bc4 Nc6 3. Nf3 Bc5 4. d3 Nf6 5. 0-0 a6 6. c3 Ba7 7. Nbd2 d6 8. Bb3 0-0 9. Re1 Ng4 10. Re2 Na5 11. Bc2 f5 12. h3 Nf6 13. exf5 Bxf5 14. d4 Bxc2 15. Qxc2 exd4 16. Nxd4 Bxd4 17. cxd4 Qd7 18. Nf3 Qc6 19. Bg5 Qxc2 20. Rxc2 Nd5 21. Re2 Nc6 22. Re4 Rae8 23. Rae1 Kf7 24. Bd2 h6 25. Kf1 Rxe4 26. Rxe4 Re8 27. Rxe8 Kxe8 28. Ke2 Kf7 29. a3 Ke6 1/2-1/2

[Event "Sueder Sommer op 11th"]
[Site "Recklinghausen"]
[Date "2000.07.25"]
[Round "4"]
[White "Romanov, Oleg"]
[Black "Fridman, Daniel"]
[Result "1/2-1/2"]
[WhiteElo "2380"]
[BlackElo "2550"]
[PlyCount "38"]
[EventDate "2000.07.22"]
[EventType "swiss"]
[EventRounds "9"]
[EventCountry "GER"]
[SourceTitle "EXT 2001"]
[Source "ChessBase"]
[SourceDate "2000.11.22"]
[SourceVersion "1"]
[SourceVersionDate "2000.11.22"]
[SourceQuality "1"]

1. d4 Nf6 2. c4 e6 3. Nc3 Bb4 4. e3 0-0 5. Bd3 d5 6. Nf3 c5 7. 0-0 dxc4 8. Bxc4 Nbd7 9. a3 cxd4 10. exd4 Bxc3 11. bxc3 Qc7 12. Bd3 b6 13. Bd2 Bb7 14. Re1 Rfe8 15. Ne5 Nxe5 16. Rxe5 Nd7 17. Re3 Qc6 18. Be4 Qc7 19. Bd3 Qc6 1/2-1/2

[Event "Dortmund Sparkassen op-A"]
[Site "Dortmund"]
[Date "2000.07.09"]
[Round "3"]
[White "Romanov, Oleg"]
[Black "Wyrwich, Thomas"]
[Result "1/2-1/2"]
[WhiteElo "2380"]
[BlackElo "2269"]
[PlyCount "39"]
[EventDate "2000.07.07"]
[EventType "swiss"]
[EventRounds "10"]
[EventCountry "GER"]
[SourceTitle "EXT 2001"]
[Source "ChessBase"]
[SourceDate "2000.11.22"]
[SourceVersion "1"]
[SourceVersionDate "2000.11.22"]
[SourceQuality "1"]

1. d4 e6 2. c4 b6 3. Nc3 Bb7 4. a3 f5 5. Nf3 Nf6 6. d5 Be7 7. Nd4 Qc8 8. h3 0-0 9. g4 c5 10. Nf3 Ne4 11. Nxe4 fxe4 12. Ng5 exd5 13. cxd5 Bxg5 14. Bxg5 Qe8 15. Qd2 Qe5 16. Rd1 d6 17. Bh4 Nd7 18. Bg2 Rae8 19. 0-0 e3 20. fxe3 1/2-1/2